| 000 | 00698nam a22002177a 4500 | ||
|---|---|---|---|
| 999 |
_c12074 _d12074 |
||
| 003 | AR-CdUCM | ||
| 008 | 190405b ||||| |||| 00| 0 spa d | ||
| 040 |
_aMUNICIPALIDAD PROVINCIAL DEL CUSCO _cBIBLIOTECA MUNICIPAL DEL CUSCO |
||
| 082 |
_aEP / 498.323 / _bB25 |
||
| 100 |
_aBarreto Ascarza, Antero J. _929747 |
||
| 245 | _aUña Wik´uña / | ||
| 260 |
_aCusco : _bImpresiones Aguilar, _c1993. |
||
| 300 |
_a55 paginas ; _bilustraciones, graficos, dibujos, _c21 cm. |
||
| 500 | _aLibro hecho en quechua | ||
| 650 |
_aQuechua _92063 |
||
| 650 |
_aHistoria _9136 |
||
| 650 |
_aTexto educativo _925832 |
||
| 700 |
_aBarreto Jara, René _929748 |
||
| 942 |
_2ddc _cLIBROS |
||
| 945 |
_apjha _d2019-04-05 |
||